kku e-library facility

End of life nursing care (Record no. 93)

MARC details
000 -LEADER
fixed length control field 00405nam a22001457a 4500
005 - DATE AND TIME OF LATEST TRANSACTION
control field 20251009110908.0
008 - FIXED-LENGTH DATA ELEMENTS--GENERAL INFORMATION
fixed length control field 251009b |||||||| |||| 00| 0 eng d
020 ## - INTERNATIONAL STANDARD BOOK NUMBER
International Standard Book Number 0763714216
082 ## - DEWEY DECIMAL CLASSIFICATION NUMBER
Classification number LC
100 ## - MAIN ENTRY--PERSONAL NAME
Personal name Poor, Belinda
245 ## - TITLE STATEMENT
Title End of life nursing care
Remainder of title /End of life nursing care
Statement of responsibility, etc. Belinda Poor, Gail P. Poirrier
260 ## - PUBLICATION, DISTRIBUTION, ETC.
Place of publication, distribution, etc. Canada
Name of publisher, distributor, etc. Jones and Bartlett
Date of publication, distribution, etc. 2001
300 ## - PHYSICAL DESCRIPTION
Dimensions 23cm
942 ## - ADDED ENTRY ELEMENTS (KOHA)
Source of classification or shelving scheme Dewey Decimal Classification
Koha item type Books
Suppress in OPAC No

No items available.

©2025 All rights reserved. KKU